[Event "Open A Estate Alfieri"]
[Site "Torino ITA"]
[Date "2011.05.03"]
[Round "1"]
[White "Boetto, Massimo"]
[Black "Manni, Stefano"]
[Result "0-1"]
[WhiteElo "2009"]
[BlackElo "2034"]
[PlyCount "72"]
[EventDate "2011.05.03"]

1. e4 e5 2. Nf3 Nc6 3. Bb5 a6 4. Ba4 Nf6 5. O-O Be7 6. Re1 b5 7. Bb3 d6 8. c3
O-O 9. h3 Na5 10. Bc2 c5 11. d4 Nd7 12. Nbd2 exd4 13. cxd4 Nc6 14. d5 Nce5 15.
Nxe5 Nxe5 16. f4 Ng6 17. Nf3 Bh4 18. Rf1 Bg3 19. f5 Ne5 20. a4 Bd7 21. Nxe5
Bxe5 22. Ra3 Qb6 23. Raf3 f6 24. Kh1 bxa4 25. Bxa4 Bxa4 26. Qxa4 Qb5 27. Qc2
Rfb8 28. b3 a5 29. g4 a4 30. bxa4 Qxa4 31. Qg2 Qxe4 32. g5 fxg5 33. Bxg5 Rb2
34. Bd2 Raa2 35. Qg5 Bf6 36. Qf4 Rxd2 0-1

[Event "Open A Estate Alfieri"]
[Site "Torino ITA"]
[Date "2011.05.03"]
[Round "1"]
[White "Di Chiara, Mauro"]
[Black "Femia, Nicola"]
[Result "0-1"]
[WhiteElo "1955"]
[BlackElo "1823"]
[PlyCount "128"]
[EventDate "2011.05.03"]

1. d4 d5 2. Nf3 Nf6 3. c4 e6 4. g3 Be7 5. Bg2 O-O 6. O-O dxc4 7. Ne5 c6 8. Nc3
Nbd7 9. Nxc4 Nb6 10. Ne5 Bd7 11. e4 Qc7 12. Bf4 Qc8 13. a4 a5 14. Rc1 Rd8 15.
Qb3 Ra6 16. Rfd1 Be8 17. Bf1 Bb4 18. Bxa6 bxa6 19. Be3 Qa8 20. d5 Nbd7 21. Nxc6
Rc8 22. Ne7+ Bxe7 23. dxe6 Ne5 24. exf7+ Bxf7 25. Nd5 Nxd5 26. Rxc8+ Qxc8 27.
exd5 Bd6 28. Bf4 Qg4 29. Kg2 h5 30. Re1 Qf5 31. f3 Nxf3 32. Rd1 Bxf4 33. Qxf3
Qc2+ 34. Kh1 Bd6 35. Qd3 Bg6 36. Qxc2 Bxc2 37. Rd4 Bb3 38. Kg2 Kf7 39. Kf3 Kf6
40. Ke2 Ke5 41. Rf4 Bxd5 42. Kd3 Bc5 43. Rf1 g5 44. Re1+ Kd6 45. Rf1 Ke6 46.
Re1+ Kf5 47. Rf1+ Kg4 48. h4 gxh4 49. gxh4 Bb4 50. Kd4 Bb3 51. Rf6 Kxh4 52.
Rxa6 Bxa4 53. Rh6 Bd1 54. Ke3 Kg3 55. Rg6+ Bg4 56. Rc6 h4 57. Rc1 Bf3 58. Rc7
h3 59. Rh7 Bg2 60. Rg7+ Kh2 61. Rd7 Kg1 62. Rd1+ Bf1 63. Rd5 h2 64. Rg5+ Bg2
0-1

[Event "Open A Estate Alfieri"]
[Site "Torino ITA"]
[Date "2011.05.03"]
[Round "1"]
[White "Leoni, Alessandro"]
[Black "Gussone, Claudio"]
[Result "1-0"]
[WhiteElo "1869"]
[BlackElo "1773"]
[PlyCount "59"]
[EventDate "2011.05.03"]

1. e4 d6 2. d4 Nf6 3. Nc3 g6 4. f3 Bg7 5. Be3 O-O 6. Qd2 e5 7. d5 c6 8. O-O-O
cxd5 9. Nxd5 Nxd5 10. Qxd5 Be6 11. Qxb7 Nd7 12. Qa6 Nb6 13. Bd3 Qc7 14. b3 d5
15. Ne2 Rfc8 16. Bd2 Bf8 17. Nc3 Bb4 18. Nb5 Bxd2+ 19. Rxd2 Qc5 20. Re1 d4 21.
Qa3 a5 22. Qxc5 Rxc5 23. Kd1 a4 24. Ke2 axb3 25. cxb3 Nd7 26. Rb1 Rc6 27. a4
Nc5 28. Rc2 Raa6 29. Nxd4 Bxb3 30. Nxb3 1-0

[Event "Open A Estate Alfieri"]
[Site "Torino ITA"]
[Date "2011.05.03"]
[Round "1"]
[White "Longo, Enrico"]
[Black "Paoli, Mario"]
[Result "0-1"]
[WhiteElo "1880"]
[BlackElo "1802"]
[PlyCount "66"]
[EventDate "2011.05.03"]

1. c4 Nc6 2. e3 e5 3. Nc3 Nf6 4. d3 Bc5 5. Bd2 O-O 6. Na4 Be7 7. g3 d5 8. Bg2
Nb4 9. Qb3 dxc4 10. dxc4 Nd3+ 11. Ke2 Nxf2 12. Kxf2 Qxd2+ 13. Kf1 Ng4 14. Ne2
Nxe3+ 15. Kf2 Nxg2 16. Rad1 Qe3+ 17. Qxe3 Nxe3 18. Kxe3 Be6 19. b3 c6 20. Nac3
f5 21. Rhf1 Bc5+ 22. Kd2 Rad8+ 23. Kc2 Rxd1 24. Rxd1 g5 25. Na4 Be7 26. c5 Kg7
27. b4 Rd8 28. Rf1 Kg6 29. a3 Bc4 30. Rf2 e4 31. Nac3 e3 32. Rf3 Bxe2 33. Nxe2
Rd2+ 0-1

[Event "Open A Estate Alfieri"]
[Site "Torino ITA"]
[Date "2011.05.10"]
[Round "2"]
[White "Manni, Stefano"]
[Black "Paoli, Mario"]
[Result "1/2-1/2"]
[WhiteElo "2034"]
[BlackElo "1802"]
[PlyCount "89"]
[EventDate "2011.05.03"]

1. d4 g6 2. Nf3 Bg7 3. e4 d6 4. c4 c6 5. Nc3 Nf6 6. Be2 a6 7. Qc2 b5 8. cxb5
axb5 9. e5 dxe5 10. dxe5 Ng4 11. Bf4 Qb6 12. O-O Qc5 13. Rac1 b4 14. h3 bxc3
15. hxg4 Bxg4 16. a3 Bxf3 17. Bxf3 O-O 18. Qxc3 Qxc3 19. Rxc3 Ra6 20. Rfc1 Nd7
21. Re3 c5 22. Rd1 Nb6 23. Rc3 Ra4 24. Bg3 c4 25. Bc6 Ra5 26. f4 Rc5 27. Bf3
Na4 28. Rc2 Rb8 29. Bf2 Rcc8 30. Bd4 e6 31. Be2 Bh6 32. g3 Rb3 33. Kg2 c3 34.
bxc3 Rxa3 35. c4 Bf8 36. Bf2 Nc3 37. Rd7 Nxe2 38. Rxe2 Rc3 39. Rb2 R3xc4 40.
Rbb7 Rc2 41. Rxf7 Ra2 42. Rfc7 Rd8 43. Ra7 Rb2 44. Kf3 h5 45. Rab7 1/2-1/2

[Event "Open A Estate Alfieri"]
[Site "Torino ITA"]
[Date "2011.05.10"]
[Round "2"]
[White "Gussone, Claudio"]
[Black "Longo, Enrico"]
[Result "1-0"]
[WhiteElo "1773"]
[BlackElo "1880"]
[PlyCount "100"]
[EventDate "2011.05.03"]

1. b3 Nf6 2. Bb2 d5 3. e3 e6 4. f4 Be7 5. Nf3 O-O 6. Be2 c6 7. O-O Nbd7 8. Na3
b5 9. c4 b4 10. Nc2 dxc4 11. Bxc4 Nb6 12. Qe2 a5 13. Ncd4 Qc7 14. d3 Nxc4 15.
dxc4 Nd7 16. Rfd1 Rd8 17. Qc2 Qb6 18. Qe4 Bb7 19. Qc2 Bf6 20. Qf2 Nc5 21. Qc2
Qc7 22. Rd2 e5 23. Nf5 Rxd2 24. Qxd2 Rd8 25. Qc2 Nd3 26. fxe5 Bxe5 27. Nxe5
Nxe5 28. Qe4 f6 29. c5 Rd5 30. Bd4 Bc8 31. Nd6 Be6 32. Rf1 Qd7 33. Rd1 Nf7 34.
Nc4 Ng5 35. Qf4 Rf5 36. Qb8+ Kf7 37. Nd6+ Kg6 38. Nxf5 Bxf5 39. Qf4 Qd5 40. Qg3
Kf7 41. h4 Ne4 42. Qf3 Qe6 43. Ba1 Bg4 44. Qf1 Bxd1 45. Qxd1 Nxc5 46. Bd4 Qe7
47. Qh5+ Kg8 48. Qxc5 Qc7 49. Qc4+ Kf8 50. Bc5+ Ke8 1-0

[Event "Open A Estate Alfieri"]
[Site "Torino ITA"]
[Date "2011.05.10"]
[Round "2"]
[White "Femia, Nicola"]
[Black "Leoni, Alessandro"]
[Result "1/2-1/2"]
[WhiteElo "1823"]
[BlackElo "1869"]
[PlyCount "166"]
[EventDate "2011.05.03"]

1. d4 Nf6 2. c4 g6 3. Nc3 d5 4. Nf3 Bg7 5. cxd5 Nxd5 6. e4 Nxc3 7. bxc3 c5 8.
Bc4 O-O 9. O-O Nc6 10. Be3 cxd4 11. cxd4 Na5 12. Be2 b6 13. Rc1 Bb7 14. d5 e6
15. dxe6 Bxe4 16. exf7+ Rxf7 17. Qxd8+ Rxd8 18. Ng5 Re7 19. Nxe4 Rxe4 20. Rc7
Rb4 21. Rxa7 Rb2 22. Bf3 Nc4 23. Bg5 Rd4 24. Ra8+ Kf7 25. Re1 Ne5 26. Bd1 Bf6
27. Bxf6 Kxf6 28. Bb3 Rg4 29. Kf1 Nd3 30. Rf8+ Kg5 31. Rd1 Rf4 32. Rxf4 Nxf4
33. h3 h5 34. Bg8 Kf5 35. Bf7 Kg5 36. a4 Kf5 37. Bc4 Kg5 38. Bb5 Kf5 39. g3 Ne6
40. Bd7 Kf6 41. Bxe6 Kxe6 42. Rd4 b5 43. axb5 Rxb5 44. h4 Kf7 45. Ke2 Ke6 46.
Ke3 Rb3+ 47. Kf4 Rb5 48. Re4+ Kf6 49. f3 Rf5+ 50. Ke3 Ra5 51. g4 hxg4 52. fxg4
Ra3+ 53. Kf4 Rh3 54. g5+ Kf7 55. Kg4 Rh1 56. Kg3 Rg1+ 57. Kf2 Rh1 58. Ke3 Rh3+
59. Kd4 Ra3 60. Kc5 Ra5+ 61. Kd6 Ra6+ 62. Ke5 Ra5+ 63. Kf4 Ra1 64. Kf3 Rf1+ 65.
Ke2 Ra1 66. Rf4+ Kg7 67. Rd4 Ra2+ 68. Kf3 Ra7 69. Ke4 Re7+ 70. Kd5 Re1 71. Kd6
Re3 72. Kd7 Re1 73. Kd8 Re2 74. Rd7+ Kg8 75. Re7 Rd2+ 76. Ke8 Rd4 77. Re6 Kg7
78. Re7+ Kg8 79. Rd7 Rxh4 80. Ke7 Rf4 81. Rd6 Kg7 82. Rf6 Re4+ 83. Re6 Rf4
1/2-1/2

[Event "Open A Estate Alfieri"]
[Site "Torino ITA"]
[Date "2011.05.10"]
[Round "2"]
[White "Boetto, Massimo"]
[Black "Di Chiara, Mauro"]
[Result "1/2-1/2"]
[WhiteElo "2009"]
[BlackElo "1955"]
[PlyCount "52"]
[EventDate "2011.05.03"]

1. e4 g6 2. d4 Bg7 3. Nc3 d6 4. f4 Nf6 5. Nf3 O-O 6. Bd3 Nc6 7. O-O Bg4 8. Be3
e5 9. Ne2 exd4 10. Nexd4 Nxd4 11. Bxd4 Re8 12. h3 Bd7 13. e5 Nd5 14. Qd2 Bh6
15. Ng5 c5 16. Bc4 Be6 17. Nxe6 fxe6 18. Bc3 Nxc3 19. Qxc3 d5 20. Be2 Rc8 21.
Kh2 Rf8 22. g3 Qe7 23. h4 c4 24. Qd4 Qc5 25. Qxc5 Rxc5 26. c3 Rc7 1/2-1/2

[Event "Open A Estate Alfieri"]
[Site "Torino ITA"]
[Date "2011.05.17"]
[Round "3"]
[White "Di Chiara, Mauro"]
[Black "Manni, Stefano"]
[Result "0-1"]
[WhiteElo "1955"]
[BlackElo "2034"]
[PlyCount "60"]
[EventDate "2011.05.03"]

1. d4 d5 2. Nf3 Nf6 3. c4 c6 4. g3 dxc4 5. Bg2 Nbd7 6. O-O e6 7. Bg5 Be7 8. Qc2
Nb6 9. Ne5 Qxd4 10. Nxc6 bxc6 11. Bxc6+ Bd7 12. Bxa8 Nxa8 13. Be3 Qg4 14. f3
Qh3 15. Qxc4 h5 16. Nc3 h4 17. g4 Nb6 18. Qd3 Bc6 19. Rad1 Nxg4 20. Bf4 e5 21.
Ne4 exf4 22. fxg4 Qxg4+ 23. Kf2 h3 24. Rg1 Qh4+ 25. Kf1 g5 26. Nd6+ Bxd6 27.
Qxd6 Bg2+ 28. Rxg2 hxg2+ 29. Kxg2 Qxh2+ 30. Kf1 Qh1+ 0-1

[Event "Open A Estate Alfieri"]
[Site "Torino ITA"]
[Date "2011.05.17"]
[Round "3"]
[White "Leoni, Alessandro"]
[Black "Boetto, Massimo"]
[Result "0-1"]
[WhiteElo "1869"]
[BlackElo "2009"]
[PlyCount "66"]
[EventDate "2011.05.03"]

1. e4 e6 2. d3 d5 3. Nd2 Nf6 4. Ngf3 c5 5. g3 Nc6 6. Bg2 Be7 7. O-O O-O 8. Re1
Qc7 9. Nf1 dxe4 10. dxe4 Rd8 11. Qe2 e5 12. c3 h6 13. Nh4 Bg4 14. f3 Be6 15.
Ne3 g6 16. f4 exf4 17. gxf4 Nh5 18. Nhf5 Nxf4 19. Nxh6+ Kh7 20. Qf3 Nd3 21.
Nef5 Nxe1 22. Qh3 Nxg2 23. Kxg2 gxf5 24. Nxf5+ Kg8 25. Bh6 Bxf5 26. exf5 Bf8
27. Qg4+ Kh7 28. Bf4 Ne5 29. Qh5+ Kg8 30. Rg1 f6 31. Kf1+ Bg7 32. Rg3 Qf7 33.
Qh4 Qc4+ 0-1

[Event "Open A Estate Alfieri"]
[Site "Torino ITA"]
[Date "2011.05.17"]
[Round "3"]
[White "Longo, Enrico"]
[Black "Femia, Nicola"]
[Result "0-1"]
[WhiteElo "1880"]
[BlackElo "1823"]
[PlyCount "164"]
[EventDate "2011.05.03"]

1. Nf3 d5 2. c4 e6 3. d4 Nf6 4. Nc3 Be7 5. cxd5 exd5 6. e3 O-O 7. Bd3 Bg4 8. h3
Bxf3 9. Qxf3 c6 10. O-O Nbd7 11. Bd2 Re8 12. a3 a5 13. Rfe1 Nf8 14. Rac1 Ne6
15. Rc2 Bd6 16. Qd1 Bc7 17. Na4 Qd6 18. g3 Ng5 19. Kg2 Nfe4 20. Bxe4 Nxe4 21.
Qf3 Re6 22. Nc5 Nxd2 23. Rxd2 Rf6 24. Qe2 Rh6 25. f4 b6 26. Nd3 Qe6 27. Nf2 Re8
28. Qf3 f5 29. Rc2 a4 30. Nd3 Qd7 31. Rec1 Rhe6 32. Ne5 Bxe5 33. fxe5 g6 34.
Qe2 c5 35. h4 c4 36. Rh1 h5 37. Qf3 Qc6 38. Rf1 Kg7 39. Qd1 Qb5 40. Qe2 Qc6 41.
Rg1 Rh8 42. Qf3 b5 43. Qf2 Rb8 44. Qd2 b4 45. axb4 Qb5 46. Ra1 Qxb4 47. Qxb4
Rxb4 48. Kf3 Ra6 49. Kf4 Rb3 50. Re2 a3 51. Rxa3 Rbxa3 52. bxa3 Rxa3 53. e6 Kf6
54. e7 Kxe7 55. Kg5 Ra6 56. Kf4 Kf6 57. Kf3 g5 58. Rc2 g4+ 59. Ke2 Ke6 60. Rb2
Kd6 61. Kd2 Kc6 62. Rb1 Ra2+ 63. Kc3 Rg2 64. Rf1 Rxg3 65. Rxf5 Rxe3+ 66. Kd2
Rf3 67. Rxh5 g3 68. Rg5 Rf4 69. Kc2 Rxd4 70. Rxg3 Rxh4 71. Rg8 Kc5 72. Rc8+ Kd4
73. Rd8 Rh2+ 74. Kc1 Kc3 75. Kd1 d4 76. Ra8 Kd3 77. Ra3+ c3 78. Ke1 Rh1+ 79.
Kf2 Kd2 80. Ra2+ c2 81. Kg2 Rb1 82. Kf2 d3 0-1

[Event "Open A Estate Alfieri"]
[Site "Torino ITA"]
[Date "2011.05.17"]
[Round "3"]
[White "Paoli, Mario"]
[Black "Gussone, Claudio"]
[Result "1-0"]
[WhiteElo "1802"]
[BlackElo "1773"]
[PlyCount "39"]
[EventDate "2011.05.03"]

1. c4 f5 2. Nc3 Nf6 3. d4 e6 4. Nf3 Bb4 5. a3 Bxc3+ 6. bxc3 d6 7. e3 Nc6 8. Be2
O-O 9. O-O Ne4 10. Qc2 Qe8 11. Nd2 d5 12. cxd5 exd5 13. c4 Nxd2 14. Bxd2 Nxd4
15. exd4 Qxe2 16. cxd5 Rf7 17. Rfe1 Qb5 18. Re5 Qb6 19. Bb4 Qxd4 20. Re8+ 1-0

[Event "Open A Estate Alfieri"]
[Site "Torino ITA"]
[Date "2011.05.24"]
[Round "4"]
[White "Manni, Stefano"]
[Black "Gussone, Claudio"]
[Result "1-0"]
[WhiteElo "2034"]
[BlackElo "1773"]
[PlyCount "67"]
[EventDate "2011.05.03"]

1. e4 d6 2. d4 Nf6 3. Nc3 g6 4. Be3 Bg7 5. h3 c6 6. Nf3 Nbd7 7. e5 Nd5 8. Nxd5
cxd5 9. exd6 exd6 10. Qd2 Nf6 11. Bh6 Ne4 12. Qf4 Qa5+ 13. c3 O-O 14. Bxg7 Kxg7
15. Bd3 Re8 16. O-O Qd8 17. Rfe1 f5 18. h4 Qf6 19. Bb5 Re7 20. Ba4 Bd7 21. Bb3
Bc6 22. Nh2 Qf8 23. Nf1 Rae8 24. Ne3 Nd2 25. Nxf5+ Qxf5 26. Qxd2 Rxe1+ 27. Rxe1
Rf8 28. Re7+ Kg8 29. Qe3 Qb1+ 30. Kh2 Qf5 31. f3 Qh5 32. Kg3 Kh8 33. Bc2 h6 34.
Qe6 1-0

[Event "Open A Estate Alfieri"]
[Site "Torino ITA"]
[Date "2011.05.24"]
[Round "4"]
[White "Femia, Nicola"]
[Black "Paoli, Mario"]
[Result "0-1"]
[WhiteElo "1823"]
[BlackElo "1802"]
[PlyCount "91"]
[EventDate "2011.05.03"]

1. d4 g6 2. e4 Bg7 3. Nf3 d6 4. Bc4 c6 5. O-O Nf6 6. e5 dxe5 7. Nxe5 O-O 8. c3
Nd5 9. f4 Be6 10. Na3 Qb6 11. Kh1 Qc7 12. Bd2 Nd7 13. Qe2 a6 14. Rae1 Nxe5 15.
fxe5 b5 16. Bd3 Nb6 17. b3 Rad8 18. Nc2 a5 19. c4 a4 20. Ba5 Qb8 21. Bxb6 Qxb6
22. bxa4 bxa4 23. Rb1 Qc7 24. Rfe1 Rb8 25. Nb4 Qd7 26. Qe4 Rfc8 27. Na6 Ra8 28.
Nc5 Qd8 29. Rb7 Bf5 30. Qe3 Bxd3 31. Qxd3 Rc7 32. Qe4 Rxb7 33. Nxb7 Qc7 34. Nc5
Bf8 35. Rb1 Rb8 36. h3 a3 37. Qc2 e6 38. Na6 Rxb1+ 39. Qxb1 Qa7 40. Nb8 Qxd4
41. Nxc6 Qxc4 42. Nd8 Qd5 43. Qb8 Qxa2 44. Qb7 Qf2 45. Qd7 a2 46. Nxe6 0-1

[Event "Open A Estate Alfieri"]
[Site "Torino ITA"]
[Date "2011.05.24"]
[Round "4"]
[White "Boetto, Massimo"]
[Black "Longo, Enrico"]
[Result "0-1"]
[WhiteElo "2009"]
[BlackElo "1880"]
[PlyCount "50"]
[EventDate "2011.05.03"]

1. e4 d6 2. d4 Nf6 3. Nc3 g6 4. f4 Bg7 5. Nf3 O-O 6. Bd3 c5 7. dxc5 Qa5 8. cxd6
Nxe4 9. Bxe4 Bxc3+ 10. bxc3 exd6 11. O-O Re8 12. Bd3 Qxc3 13. Bd2 Qc5+ 14. Kh1
Nc6 15. Re1 Bg4 16. Rxe8+ Rxe8 17. Qg1 Qd5 18. Qf2 Bf5 19. Bxf5 Qxf5 20. Nd4
Qc5 21. Be3 Qc3 22. Re1 Nxd4 23. Bd2 Rxe1+ 24. Bxe1 Qa1 25. Kg1 Nxc2 0-1

[Event "Open A Estate Alfieri"]
[Site "Torino ITA"]
[Date "2011.05.24"]
[Round "4"]
[White "Di Chiara, Mauro"]
[Black "Leoni, Alessandro"]
[Result "1/2-1/2"]
[WhiteElo "1955"]
[BlackElo "1869"]
[PlyCount "72"]
[EventDate "2011.05.03"]

1. Nf3 Nf6 2. d4 d6 3. c4 Nbd7 4. Nc3 e5 5. e4 c6 6. Be2 Be7 7. O-O O-O 8. Qc2
Qc7 9. h3 Re8 10. Be3 Nf8 11. Rad1 Ne6 12. d5 Nf8 13. Qd2 a5 14. c5 Rd8 15.
cxd6 Bxd6 16. dxc6 Be7 17. cxb7 Bxb7 18. Nd5 Nxd5 19. exd5 Bxd5 20. Qc1 Qxc1
21. Rxc1 Bxa2 22. Nxe5 Bf6 23. Nc6 Rdc8 24. Bf3 Be6 25. Nd4 Rab8 26. Nxe6 Nxe6
27. Rxc8+ Rxc8 28. Ra1 Bxb2 29. Rxa5 Bd4 30. Bxd4 Nxd4 31. Bd5 g6 32. Ra7 Rf8
33. Kf1 h5 34. Rd7 Nf5 35. Ke2 Re8+ 36. Kd3 Re7 1/2-1/2

[Event "Open A Estate Alfieri"]
[Site "Torino ITA"]
[Date "2011.06.07"]
[Round "5"]
[White "Leoni, Alessandro"]
[Black "Manni, Stefano"]
[Result "0-1"]
[WhiteElo "1869"]
[BlackElo "2034"]
[PlyCount "50"]
[EventDate "2011.05.03"]

1. e4 e5 2. Nf3 Nc6 3. d4 exd4 4. Bc4 Nf6 5. e5 d5 6. Bb5 Ne4 7. Nxd4 Bd7 8.
Bxc6 bxc6 9. O-O Bc5 10. f3 Ng5 11. f4 Ne4 12. Be3 Rb8 13. Nd2 O-O 14. Nxe4
dxe4 15. f5 Qe7 16. f6 Qxe5 17. fxg7 Rfd8 18. c3 Rxb2 19. Qa4 Qxg7 20. g3 Qg6
21. Rad1 Be6 22. Nxc6 Qh5 23. h4 Qe2 24. Bf2 e3 25. Kh1 Qf3+ 0-1

[Event "Open A Estate Alfieri"]
[Site "Torino ITA"]
[Date "2011.06.07"]
[Round "5"]
[White "Longo, Enrico"]
[Black "Di Chiara, Mauro"]
[Result "0-1"]
[WhiteElo "1880"]
[BlackElo "1955"]
[PlyCount "52"]
[EventDate "2011.05.03"]

1. e4 d6 2. d4 Nf6 3. Nc3 g6 4. h3 Bg7 5. Be3 O-O 6. Nf3 c6 7. Qd2 b5 8. a3
Nbd7 9. Bh6 a6 10. Bxg7 Kxg7 11. Be2 Qc7 12. Qe3 e5 13. dxe5 dxe5 14. O-O Bb7
15. Rad1 Rfd8 16. Ne1 Nf8 17. Bf3 Rxd1 18. Bxd1 Ne6 19. f3 Nh5 20. Ne2 c5 21.
c3 Nhf4 22. Ng3 Re8 23. Be2 Qe7 24. c4 Qg5 25. Kf2 Nd4 26. Rg1 Qh4 0-1

[Event "Open A Estate Alfieri"]
[Site "Torino ITA"]
[Date "2011.06.07"]
[Round "5"]
[White "Paoli, Mario"]
[Black "Boetto, Massimo"]
[Result "0-1"]
[WhiteElo "1802"]
[BlackElo "2009"]
[PlyCount "84"]
[EventDate "2011.05.03"]

1. Nf3 Nf6 2. d4 g6 3. c4 Bg7 4. Nc3 O-O 5. e4 d6 6. Be2 Nbd7 7. O-O e5 8. d5
a5 9. Qc2 Nc5 10. Be3 Nh5 11. a3 f5 12. Nd2 f4 13. Bxc5 dxc5 14. Bxh5 gxh5 15.
Nb5 f3 16. Nxf3 Rxf3 17. gxf3 Bh6 18. f4 Bxf4 19. f3 Bh3 20. Rfe1 Ra6 21. Kh1
Rg6 22. Rg1 Be3 23. Rxg6+ hxg6 24. Qe2 Bf4 25. Qf2 Qg5 26. Nxc7 Be3 27. Qg3
Qxg3 28. hxg3 Bd4 29. Kh2 Bd7 30. Rb1 Ba4 31. b3 Bd7 32. Nb5 Bxb5 33. cxb5 Kf7
34. b4 axb4 35. axb4 c4 36. Kg2 c3 37. Kf1 Be3 38. Ke2 c2 39. Ra1 c1=Q 40. Rxc1
Bxc1 41. Kd3 b6 42. Kc4 Ke7 0-1

[Event "Open A Estate Alfieri"]
[Site "Torino ITA"]
[Date "2011.06.07"]
[Round "5"]
[White "Gussone, Claudio"]
[Black "Femia, Nicola"]
[Result "1/2-1/2"]
[WhiteElo "1773"]
[BlackElo "1823"]
[PlyCount "172"]
[EventDate "2011.05.03"]

1. e4 e6 2. d4 d5 3. Nd2 Nf6 4. e5 Nfd7 5. Ngf3 c5 6. c3 Nc6 7. Nb3 Be7 8. Be2
a5 9. Be3 c4 10. Nbd2 b5 11. O-O O-O 12. Ne1 Bb7 13. f4 f5 14. Nef3 b4 15. Ng5
Bxg5 16. fxg5 g6 17. Qe1 Qb6 18. Qf2 a4 19. a3 b3 20. h4 Rf7 21. h5 Raf8 22.
Bf4 Qd8 23. Qg3 Nb6 24. Kf2 Rg7 25. Rh1 Ne7 26. Rh2 gxh5 27. Bxh5 Ng6 28. Nf3
Bc6 29. Bxg6 hxg6 30. Rah1 Be8 31. Qh3 Kf7 32. Qh6 Rfg8 33. Bc1 Ke7 34. Qh4 Kd7
35. Qg3 Kc6 36. Nh4 Qe7 37. Ke2 Nd7 38. Qf3 Nf8 39. Qg3 Rh7 40. Qf4 Rgh8 41.
Nf3 Rxh2 42. Rxh2 Rxh2 43. Qxh2 Qh7 44. Qh6 Qf7 45. g3 Qe7 46. Qh8 Bf7 47. Qf6
Qe8 48. Nh4 Nd7 49. Qg7 Qf8 50. Qh6 Qg8 51. Ng2 Nb8 52. Ne3 Nd7 53. g4 Nf8 54.
gxf5 exf5 55. Ng2 Ne6 56. Qh1 Qd8 57. Qh7 Nxg5 58. Qg7 Be8 59. Nf4 Ne4 60. Nxg6
Bxg6 61. Qxg6+ Kb5 62. Qh7 Qc8 63. Kf3 Kc6 64. Kf4 Qe6 65. Qh5 Qg8 66. Qh4 Qg4+
67. Qxg4 fxg4 68. Be3 Nxc3 69. Kxg4 Nd1 70. Bc1 Nf2+ 71. Kf5 Kd7 72. Kf6 Kc8
73. Ke6 Nd3 74. Kxd5 Nxc1 75. Kxc4 Ne2 76. d5 Kd7 77. Kd3 Nf4+ 78. Ke4 Ng6 79.
Kf5 Ne7+ 80. Ke4 Nc8 81. Kd4 Kc7 82. Kc5 Kd7 83. d6 Na7 84. Kb4 Nc6+ 85. Kxa4
Nxe5 86. Kxb3 Kxd6 1/2-1/2

[Event "Open A Estate Alfieri"]
[Site "Torino ITA"]
[Date "2011.06.14"]
[Round "6"]
[White "Manni, Stefano"]
[Black "Femia, Nicola"]
[Result "1-0"]
[WhiteElo "2034"]
[BlackElo "1823"]
[PlyCount "59"]
[EventDate "2011.05.03"]

1. d4 d5 2. Nf3 e6 3. e3 Nf6 4. Bd3 Bd6 5. b3 c5 6. Bb2 Nbd7 7. Nbd2 b6 8. O-O
O-O 9. Qe2 Bb7 10. Ne5 Bxe5 11. dxe5 Ne8 12. f4 g6 13. Qg4 Ng7 14. Nf3 f5 15.
exf6 Nxf6 16. Qh3 Nf5 17. Rae1 Ne4 18. Bxe4 dxe4 19. Ng5 Qe7 20. g4 Nd6 21. Qh6
Bc8 22. Rd1 Ne8 23. Nxe4 Ba6 24. Rf2 Nc7 25. Rfd2 Nd5 26. c4 Nxe3 27. Rd7 Nxg4
28. Rxe7 Nxh6 29. Rg7+ Kh8 30. Rxg6+ 1-0

[Event "Open A Estate Alfieri"]
[Site "Torino ITA"]
[Date "2011.06.14"]
[Round "6"]
[White "Boetto, Massimo"]
[Black "Gussone, Claudio"]
[Result "1/2-1/2"]
[WhiteElo "2009"]
[BlackElo "1773"]
[PlyCount "90"]
[EventDate "2011.05.03"]

1. e4 d6 2. d4 Nf6 3. Nc3 g6 4. f4 Bg7 5. Nf3 c5 6. Bb5+ Bd7 7. e5 Ng4 8. e6
fxe6 9. Ng5 Bxb5 10. Nxe6 Bxd4 11. Nxd4 cxd4 12. Qxd4 Qb6 13. Qxb6 axb6 14.
Nxb5 Kd7 15. h3 Nf6 16. c4 Na6 17. O-O Nb4 18. Bd2 Nd3 19. Bc3 Rhf8 20. Rad1
Nc5 21. a3 Nfe4 22. Bd4 Ng3 23. Rfe1 Nf5 24. Bf2 Rf7 25. Nc3 Kc6 26. b4 Na4 27.
b5+ Kd7 28. Nd5 e6 29. Nxb6+ Nxb6 30. Bxb6 Rxa3 31. g4 Nh4 32. Bc5 Rg3+ 33. Kh2
Rg2+ 34. Kh1 Rg3 35. Rxd6+ Kc8 36. Rexe6 Rxh3+ 37. Kg1 Rf8 38. Rc6+ bxc6 39.
Rxc6+ Kb7 40. Bxf8 Rg3+ 41. Kh2 Rxg4 42. Bd6 Nf3+ 43. Kh3 h5 44. Rc7+ Kb6 45.
Rc6+ Kb7 1/2-1/2

[Event "Open A Estate Alfieri"]
[Site "Torino ITA"]
[Date "2011.06.14"]
[Round "6"]
[White "Di Chiara, Mauro"]
[Black "Paoli, Mario"]
[Result "1-0"]
[WhiteElo "1955"]
[BlackElo "1802"]
[PlyCount "72"]
[EventDate "2011.05.03"]

1. Nf3 Nf6 2. c4 c5 3. e3 g6 4. Nc3 Bg7 5. d4 cxd4 6. exd4 O-O 7. d5 d6 8. Be2
e5 9. dxe6 fxe6 10. O-O a6 11. Be3 Nc6 12. Qd2 Qc7 13. Bh6 Ne7 14. Bxg7 Kxg7
15. Rad1 Rd8 16. Ng5 h6 17. Nge4 Ne8 18. Qd4+ e5 19. Qd2 Be6 20. Nd5 Nxd5 21.
cxd5 Bf7 22. Rc1 Qd7 23. Rc3 Nc7 24. Rh3 Rh8 25. Bc4 Rad8 26. f4 b5 27. Bb3 Qf5
28. Ng3 Qf6 29. fxe5 Qxe5 30. Re1 Qf6 31. Ne4 Qf5 32. Rf3 Qc8 33. Qd4+ Kg8 34.
Rxf7 Kxf7 35. Qf6+ Kg8 36. Qxg6+ Kf8 1-0

[Event "Open A Estate Alfieri"]
[Site "Torino ITA"]
[Date "2011.06.14"]
[Round "6"]
[White "Leoni, Alessandro"]
[Black "Longo, Enrico"]
[Result "1-0"]
[WhiteElo "1869"]
[BlackElo "1880"]
[PlyCount "131"]
[EventDate "2011.05.03"]

1. e4 c6 2. d4 d5 3. Nc3 dxe4 4. Nxe4 Nd7 5. Bc4 e6 6. Nf3 Ngf6 7. Ng3 Be7 8.
O-O O-O 9. Ne5 Nxe5 10. dxe5 Qxd1 11. Rxd1 Nd5 12. Ne4 b5 13. Bb3 Bb7 14. c4
bxc4 15. Bxc4 Rfd8 16. Bd2 Rd7 17. Ba5 Rb8 18. Rac1 Bc8 19. Bb3 Bb7 20. Ba4 Rc8
21. b4 a6 22. Nc5 Bxc5 23. bxc5 Kf8 24. g3 Ke8 25. Rb1 Ba8 26. Rd3 Rb7 27. Bb6
Ke7 28. Ra3 Nxb6 29. cxb6 Rd7 30. Bc2 Bb7 31. Be4 Rd4 32. Bf3 Rcd8 33. Rc3 Kd7
34. Rbc1 Rc8 35. a3 f6 36. exf6 gxf6 37. Rc4 Rxc4 38. Rxc4 Rg8 39. Rh4 Rg7 40.
Rd4+ Ke7 41. Ra4 Kd6 42. Be2 Kc5 43. Bxa6 Kxb6 44. Bc4 c5 45. Bb3 Rd7 46. f4
Bc6 47. Rc4 Rd3 48. Bc2 Rxa3 49. Bxh7 Ra1+ 50. Kf2 Ra2+ 51. Rc2 Rxc2+ 52. Bxc2
f5 53. h4 Be8 54. Bb3 Bf7 55. Ke3 Kb5 56. Bd1 c4 57. h5 c3 58. h6 Bg8 59. Bb3
Kb4 60. Bxe6 Bh7 61. Kd3 Bg6 62. Bg8 Be8 63. h7 Bb5+ 64. Kc2 Ba4+ 65. Kc1 Ka3
66. h8=Q 1-0

[Event "Open A Estate Alfieri"]
[Site "Torino ITA"]
[Date "2011.06.21"]
[Round "7"]
[White "Longo, Enrico"]
[Black "Manni, Stefano"]
[Result "0-1"]
[WhiteElo "1880"]
[BlackElo "2034"]
[PlyCount "58"]
[EventDate "2011.05.03"]

1. d4 d5 2. c4 c6 3. Nc3 e6 4. Nf3 Nf6 5. Bg5 h6 6. Bh4 dxc4 7. e3 b5 8. a4 Bb4
9. Be2 Bb7 10. O-O a6 11. Ne5 Nbd7 12. Ne4 Nxe5 13. Bxf6 gxf6 14. dxe5 fxe5 15.
Qc2 f5 16. Rfd1 Qe7 17. Bh5+ Kf8 18. Ng3 Kg7 19. Qe2 Rhd8 20. e4 f4 21. Qg4+
Qg5 22. Qxe6 fxg3 23. Qf7+ Kh8 24. Rxd8+ Rxd8 25. Bg6 gxf2+ 26. Kf1 Qe7 27.
Qxe7 Bxe7 28. Kxf2 Rd2+ 29. Ke3 Rxg2 0-1

[Event "Open A Estate Alfieri"]
[Site "Torino ITA"]
[Date "2011.06.21"]
[Round "7"]
[White "Paoli, Mario"]
[Black "Leoni, Alessandro"]
[Result "0-1"]
[WhiteElo "1802"]
[BlackElo "1869"]
[PlyCount "60"]
[EventDate "2011.05.03"]

1. e4 c5 2. Nf3 d6 3. d4 cxd4 4. Nxd4 Nf6 5. Nc3 a6 6. Be2 e5 7. Nb3 Be7 8. O-O
Be6 9. f4 Qc7 10. f5 Bc4 11. Bxc4 Qxc4 12. Qf3 O-O 13. g4 d5 14. Nxd5 Nxd5 15.
exd5 e4 16. Nd2 Qc5+ 17. Qf2 e3 18. Qe2 exd2+ 19. Rf2 dxc1=Q+ 20. Rxc1 Bh4 21.
Rcf1 Bxf2+ 22. Rxf2 Qxd5 23. f6 gxf6 24. Rxf6 Qd4+ 25. Rf2 Nc6 26. c3 Qe5 27.
Qc2 Rfe8 28. Rf5 Qe3+ 29. Rf2 Qe1+ 30. Rf1 Qe4 0-1

[Event "Open A Estate Alfieri"]
[Site "Torino ITA"]
[Date "2011.06.21"]
[Round "7"]
[White "Gussone, Claudio"]
[Black "Di Chiara, Mauro"]
[Result "1-0"]
[WhiteElo "1773"]
[BlackElo "1955"]
[PlyCount "43"]
[EventDate "2011.05.03"]

1. e4 g6 2. d4 Bg7 3. Be3 d6 4. Qd2 Nf6 5. f3 O-O 6. Bh6 Bxh6 7. Qxh6 c5 8. c3
cxd4 9. cxd4 Nc6 10. Ne2 Qb6 11. Qd2 e5 12. d5 Nd4 13. Nxd4 exd4 14. Na3 Re8
15. Nb5 Nxd5 16. Qxd4 Qxd4 17. Nxd4 f5 18. Bc4 fxe4 19. Bxd5+ Kg7 20. fxe4 Bd7
21. O-O Re7 22. Rf2 1-0